000 00780nam a2200265 i 4500
001 C2-0272730
003 PPAK
005 20210530113551.0
008 060809s2006 my a j | 0 may d
020 _a9833552005
_qpaperback
040 _aPPAK
_beng
_cPPAK
_erda
082 0 4 _a499.2386
_223
090 0 0 _a499.2386
_bROH
_dK
100 0 _aRohailiza Kasim,
_eauthor.
245 1 0 _aSurat layang elektronik /
_cRohailiza Kasim
264 1 _aPetaling Jaya, Selangor :
_bSama Publications,
_c2006
300 _a112 pages :
_billustrations ;
_c19 cm
336 _2rdacontent
_atext
337 _2rdamedia
_aunmediated
338 _2rdacarrier
_avolume
490 1 _aKoleksi fiksyen ICT
650 1 0 _aMalay language
_2Readers
830 0 _aKoleksi fiksyen ICT
942 _cB
_2ddc
999 _c80679
_d80679